000 00537nam a2200205Ia 4500
008 180523s9999 xx 000 0 und d
020 _a0-7852-7028-0
050 _aMAIN HD 57.7
050 _b.M39 1995
100 _aMaxwell, John C.
245 0 _aDeveloping the leaders around you /
245 0 _cJohn C. Maxwell.
260 _aNashville :
260 _bThomas Nelson Publishers,
260 _c1995
300 _a215 pages :
300 _c20 cm.
500 _aIncludes bibliographical references.
650 _aLeadership.
999 _c356897
_d356897